[Event "ESP-ch U16"]
[Site "Mondariz"]
[Date "2005.07.14"]
[Round "6"]
[White "Leiva Velasco, David"]
[Black "Cabrera Trujillo, Jorge Juan"]
[Result "1-0"]
[WhiteElo "2203"]
[BlackElo "2059"]
[PlyCount "77"]
[EventDate "2005.07.11"]
[EventType "swiss"]
[EventRounds "8"]
[EventCountry "ESP"]
[SourceTitle "CBM 107 Extra"]
[Source "ChessBase"]
[SourceDate "2005.09.01"]
[SourceVersion "1"]
[SourceVersionDate "2005.09.01"]
[SourceQuality "1"]

1. e4 c5 2. Nf3 d6 3. d4 cxd4 4. Nxd4 Nf6 5. Nc3 g6 6. Be3 Bg7 7. f3 Nc6 8. Qd2 0-0 9. Bc4 Bd7 10. 0-0-0 Qa5 11. h4 Rfc8 12. Bb3 Ne5 13. Kb1 h5 14. Bg5 Rc5 15. Bxf6 Bxf6 16. Nd5 Rxd5 17. Bxd5 Qb6 18. c3 a5 19. f4 Ng4 20. Rde1 e6 21. Bb3 Qc5 22. Rh3 b5 23. Rd3 Bxh4 24. g3 Be7 25. Bd1 e5 26. Nf3 Be6 27. Bb3 Nf2 28. Bxe6 fxe6 29. Rde3 Ng4 30. R3e2 exf4 31. gxf4 Bf8 32. Nd4 Kf7 33. f5 gxf5 34. exf5 e5 35. Qg5 Nf6 36. Qg6+ Ke7 37. Ne6 Qd5 38. Nf4 Qc5 39. Nd3 1-0

[Event "ESP-ch U16"]
[Site "Mondariz"]
[Date "2005.07.12"]
[Round "3"]
[White "Fernandez Borrego, Pablo"]
[Black "Leiva Velasco, David"]
[Result "1/2-1/2"]
[WhiteElo "1979"]
[BlackElo "2203"]
[PlyCount "95"]
[EventDate "2005.07.11"]
[EventType "swiss"]
[EventRounds "8"]
[EventCountry "ESP"]
[SourceTitle "CBM 107 Extra"]
[Source "ChessBase"]
[SourceDate "2005.09.01"]
[SourceVersion "1"]
[SourceVersionDate "2005.09.01"]
[SourceQuality "1"]

1. e4 e6 2. d4 d5 3. Nc3 Bb4 4. exd5 exd5 5. Bd3 Nf6 6. Nge2 Bg4 7. f3 Bh5 8. a3 Be7 9. 0-0 Bg6 10. Bg5 0-0 11. Bxg6 hxg6 12. Nf4 c6 13. Re1 Nbd7 14. Nd3 Re8 15. Kh1 Qb6 16. Ne2 Bd6 17. c3 Nh5 18. Qd2 Qc7 19. g3 Kf8 20. Kg2 Re6 21. Nef4 Nxf4+ 22. Bxf4 Rae8 23. Rxe6 Rxe6 24. Re1 Rxe1 25. Qxe1 Bxf4 26. Nxf4 Nb6 27. Nd3 Nc4 28. Qe2 Qe7 29. Kf2 Qxe2+ 30. Kxe2 Ke7 31. a4 Kd6 32. b3 Na5 33. b4 Nc4 34. a5 b6 35. axb6 axb6 36. Nf4 Na3 37. Kd3 Nb5 38. h4 Nc7 39. Kd2 Ne8 40. Nd3 f6 41. Nf4 g5 42. hxg5 fxg5 43. Nd3 Nf6 44. Ne5 g4 45. Nxg4 Nxg4 46. fxg4 g5 47. Kd3 Kc7 48. Kc2 1/2-1/2

[Event "ESP-chT U18"]
[Site "Madrid"]
[Date "2005.06.13"]
[Round "4.3"]
[White "Ramirez Rus, Esteban"]
[Black "Leiva Velasco, David"]
[Result "0-1"]
[WhiteElo "2027"]
[BlackElo "2203"]
[PlyCount "54"]
[EventDate "2005.06.10"]
[EventType "team"]
[EventRounds "5"]
[EventCountry "ESP"]
[SourceTitle "CBM 106 Extra"]
[Source "ChessBase"]
[SourceDate "2005.07.01"]
[SourceVersion "1"]
[SourceVersionDate "2005.07.01"]
[SourceQuality "1"]

1. e4 e6 2. d4 d5 3. Nc3 Nf6 4. e5 Nfd7 5. f4 c5 6. Nf3 Nc6 7. Be3 cxd4 8. Nxd4 Bc5 9. Qd2 a6 10. 0-0-0 Nxd4 11. Bxd4 0-0 12. Kb1 b5 13. Qe3 Qc7 14. Bd3 b4 15. Ne2 a5 16. Qh3 g6 17. Qe3 a4 18. h4 Ba6 19. Bxa6 Rxa6 20. h5 Rc8 21. hxg6 fxg6 22. g4 a3 23. b3 Rc6 24. f5 Bxd4 25. Nxd4 Rxc2 26. fxg6 Rb2+ 27. Ka1 Qxe5 0-1

[Event "ESP-chT U18"]
[Site "Madrid"]
[Date "2005.06.10"]
[Round "1.3"]
[White "Leiva Velasco, David"]
[Black "Pena Hernandez, Alfredo A"]
[Result "0-1"]
[WhiteElo "2203"]
[BlackElo "2239"]
[PlyCount "81"]
[EventDate "2005.06.10"]
[EventType "team"]
[EventRounds "5"]
[EventCountry "ESP"]
[SourceTitle "CBM 106 Extra"]
[Source "ChessBase"]
[SourceDate "2005.07.01"]
[SourceVersion "1"]
[SourceVersionDate "2005.07.01"]
[SourceQuality "1"]

1. e4 e5 2. Nf3 Nc6 3. Bc4 Bc5 4. c3 Nf6 5. d3 d6 6. 0-0 0-0 7. Nbd2 a5 8. Bb3 Be6 9. Bc2 Re8 10. Re1 b5 11. Nf1 d5 12. d4 Ba7 13. exd5 Bxd5 14. Nxe5 Nd7 15. Nxc6 Rxe1 16. Qxe1 Bxc6 17. Bf4 Nf6 18. Qe5 Nd5 19. Bg3 Bb6 20. Re1 Qf8 21. Qf5 g6 22. Qd3 Re8 23. Rxe8 Qxe8 24. Ne3 Nxe3 25. fxe3 Bd7 26. e4 c5 27. Bf2 cxd4 28. cxd4 Be6 29. d5 Bxf2+ 30. Kxf2 Bd7 31. Qd4 Qc8 32. Qc3 Qd8 33. g3 Qb6+ 34. Kg2 b4 35. Qd2 Qf6 36. Bd1 h5 37. Qf2 Qe5 38. Bf3 a4 39. Qd2 a3 40. bxa3 bxa3 41. h4 0-1

[Event "Garcia Ilundain Memorial"]
[Site "Barcelona"]
[Date "2004.??.??"]
[Round "?"]
[White "Alsina Leal, Daniel"]
[Black "Leiva Velasco, David"]
[Result "1-0"]
[WhiteElo "2274"]
[BlackElo "1963"]
[PlyCount "91"]
[EventDate "2004.12.??"]
[EventType "tourn"]
[EventRounds "9"]
[EventCountry "ESP"]
[SourceTitle "EXT 2007"]
[Source "ChessBase"]
[SourceDate "2006.11.23"]
[SourceVersion "1"]
[SourceVersionDate "2006.11.23"]
[SourceQuality "1"]

1. e4 e6 2. d4 d5 3. Nc3 Bb4 4. e5 c5 5. a3 Bxc3+ 6. bxc3 Ne7 7. Qg4 0-0 8. Bd3 Nbc6 9. Qh5 Ng6 10. Nf3 Qc7 11. Be3 c4 12. Bxg6 fxg6 13. Qg4 Qf7 14. Ng5 Qe8 15. h4 Ne7 16. a4 Bd7 17. a5 Nf5 18. Bc1 h6 19. Nh3 Qf7 20. 0-0 Kh7 21. Ba3 Rfe8 22. g3 Ne7 23. Nf4 b6 24. axb6 axb6 25. Bxe7 Rxa1 26. Rxa1 Rxe7 27. Ra7 Qe8 28. Rb7 b5 29. Ra7 Qf7 30. Kf1 Qe8 31. Ke2 Qf7 32. Kd2 Qe8 33. Kc1 b4 34. cxb4 Qb8 35. Ra5 c3 36. Qxg6+ Kg8 37. Nh5 Kh8 38. Nf4 Be8 39. Qd3 Rb7 40. Qxc3 Rxb4 41. Nxe6 Rb1+ 42. Kd2 Bh5 43. Rxd5 Rd1+ 44. Ke3 Qg8 45. Rd8 Be8 46. Qc8 1-0

[Event "Garcia Ilundain Memorial 3rd U17"]
[Site "El Prat de Llobregat"]
[Date "2004.??.??"]
[Round "9"]
[White "Leiva Velasco, David"]
[Black "Ayza Leon, David"]
[Result "1-0"]
[WhiteElo "2067"]
[BlackElo "2064"]
[PlyCount "71"]
[EventDate "2004.12.22"]
[EventType "tourn"]
[EventRounds "9"]
[EventCountry "ESP"]
[SourceTitle "EXT 2019"]
[Source "ChessBase"]
[SourceDate "2018.10.10"]
[SourceVersion "1"]
[SourceVersionDate "2018.10.10"]
[SourceQuality "1"]

1. e4 e5 2. Nf3 Qe7 3. Bc4 h6 4. 0-0 c6 5. d4 d6 6. b3 g5 7. dxe5 dxe5 8. a4 Nd7 9. Nc3 a5 10. Ba3 Qf6 11. Bxf8 Nxf8 12. Qd3 Ng6 13. Qe3 N8e7 14. Ne1 h5 15. Rd1 Nf4 16. Qc5 g4 17. Rd6 Qg5 18. Nd3 Nxd3 19. Rxd3 Ng6 20. Rfd1 Rh7 21. Qb6 Kf8 22. Rd8+ Kg7 23. Qc7 Kh6 24. Rxc8 f6 25. Rd7 Rxd7 26. Qxd7 Rxc8 27. Qxc8 Qc1+ 28. Bf1 Qxc2 29. Nd5 Qxb3 30. Nxf6 b5 31. Qxc6 bxa4 32. Qc1+ Kg7 33. Nxh5+ Kh7 34. Nf6+ Kg7 35. Nxg4 a3 36. Bc4 1-0

[Event "Barcelona Sant Marti op 05th"]
[Site "Barcelona"]
[Date "2003.06.14"]
[Round "8.2"]
[White "Rodriguez Regull, German"]
[Black "Leiva Velasco, David"]
[Result "1/2-1/2"]
[WhiteElo "2200"]
[BlackElo "1930"]
[PlyCount "59"]
[EventDate "2003.04.26"]
[EventType "swiss"]
[EventRounds "9"]
[EventCountry "ESP"]
[SourceTitle "EXT 2004"]
[Source "ChessBase"]
[SourceDate "2003.11.25"]
[SourceVersion "1"]
[SourceVersionDate "2003.11.25"]
[SourceQuality "1"]

1. e4 e6 2. d4 d5 3. e5 c5 4. dxc5 Nc6 5. Nf3 Bxc5 6. Bd3 Qc7 7. Bf4 Qb6 8. 0-0 Qxb2 9. Nbd2 Qb4 10. Bg3 Bb6 11. c4 Qf8 12. cxd5 exd5 13. a4 Be6 14. Qb3 Qb4 15. Qc2 Rc8 16. Rfb1 Qe7 17. Qb2 Nh6 18. Bh4 Qc7 19. Qa3 Nf5 20. Bxf5 Bxf5 21. Rc1 Qd7 22. a5 Bxa5 23. e6 fxe6 24. Ne5 Bb4 25. Qa4 Qd6 26. Bg3 Qe7 27. Ndf3 0-0 28. Nxc6 bxc6 29. Bh4 Qd6 30. Bg3 1/2-1/2

[Event "Barcelona Sant Marti op 05th"]
[Site "Barcelona"]
[Date "2003.05.17"]
[Round "4.5"]
[White "Leiva Velasco, David"]
[Black "Garreta Martinez, Albert"]
[Result "1/2-1/2"]
[WhiteElo "1930"]
[BlackElo "2090"]
[PlyCount "109"]
[EventDate "2003.04.26"]
[EventType "swiss"]
[EventRounds "9"]
[EventCountry "ESP"]
[SourceTitle "EXT 2004"]
[Source "ChessBase"]
[SourceDate "2003.11.25"]
[SourceVersion "1"]
[SourceVersionDate "2003.11.25"]
[SourceQuality "1"]

1. e4 e5 2. Nf3 Nf6 3. Nxe5 d6 4. Nf3 Nxe4 5. Nc3 Nf6 6. d4 Be7 7. Bf4 0-0 8. Qd2 c6 9. d5 cxd5 10. Nxd5 Nxd5 11. Qxd5 Nc6 12. Be2 Be6 13. Qd2 Na5 14. 0-0 Nc4 15. Bxc4 Bxc4 16. Rfd1 Qb6 17. b3 Be6 18. c4 Rad8 19. Be3 Qc7 20. Bd4 Bg4 21. Qf4 f5 22. Re1 h6 23. h3 Bh5 24. Rad1 Rde8 25. Rc1 Qc6 26. Rc3 g5 27. Qd2 Kh7 28. Rce3 Bd8 29. Qc3 Bxf3 30. Rxf3 Rxe1+ 31. Qxe1 Re8 32. Qb1 Qe4 33. Qxe4 Rxe4 34. Bxa7 f4 35. Rd3 Be7 36. Kf1 Kg6 37. Bb8 Re6 38. Rd5 h5 39. Rb5 g4 40. hxg4 hxg4 41. Rxb7 f3 42. Rb6 Re1+ 43. Kxe1 fxg2 44. Bxd6 g1Q+ 45. Ke2 Bxd6 46. Rxd6+ Kf7 47. a4 Qh2 48. Rd3 Kf6 49. Re3 Qh1 50. Rg3 Kf5 51. Re3 Qc1 52. Rg3 Kf4 53. Re3 Qg1 54. Rg3 Qc1 55. Re3 1/2-1/2